Online
Catalog

Los congresos pro-independencia / (Record no. 19142)

MARC details
000 -CABECERA
campo de control de longitud fija 00810nam a2200193 a 4500
001 - NÚMERO DE CONTROL
campo de control 000019626
005 - FECHA Y HORA DE LA ÚLTIMA TRANSACCIÓN
campo de control 20200929170100.0
008 - DATOS DE LONGITUD FIJA--INFORMACIÓN GENERAL
campo de control de longitud fija 100701s1994 pr 000 0 spa d
040 ## - FUENTE DE LA CATALOGACIÓN
Centro catalogador/agencia de origen DO-SdBNP
Lengua de catalogación spa
Centro/agencia transcriptor BNPHU
082 ## - NÚMERO DE LA CLASIFICACIÓN DECIMAL DEWEY
Número de clasificación nnnn
Número de documento/Ítem A461c
049 ## - FONDOS LOCALES (OCLC)
Fondos de biblioteca BNGR
100 1# - ENTRADA PRINCIPAL--NOMBRE DE PERSONA
Nombre de persona Alsina Orozco, Amalia,
9 (RLIN) 42066
245 14 - MENCIÓN DE TÍTULO
Título Los congresos pro-independencia /
Mención de responsabilidad, etc. Amalia Alsina Orozco.
260 ## - PUBLICACIÓN, DISTRIBUCIÓN, ETC.
Lugar de publicación, distribución, etc. Puerto Rico :
Nombre del editor, distribuidor, etc. Centro de estudios avanzados de Puerto Rico y el Caribe,
Fecha de publicación, distribución, etc. 1994.
300 ## - DESCRIPCIÓN FÍSICA
Extensión 148 p. ;
Dimensiones 23 cm.
500 ## - NOTA GENERAL
Nota general En la portada: Tesis sometida al Centro de Estudios Avanzados de Puerto Rico y el Caribe, para optar al grado de maestría en artes.
500 ## - NOTA GENERAL
Nota general Incluye referencia biográfica del autor en la solapa de la portada.
504 ## - NOTA DE BIBLIOGRAFÍA, ETC.
Nota de bibliografía, etc. Incluye referencias bibliográficas y notas al pie de las páginas.
Holdings
Estado de retiro Estado de pérdida Restricciones de uso No para préstamo Código de colección Localización permanente Ubicación/localización actual Ubicación en estantería Fecha de adquisición Número de inventario Total de préstamos Signatura topográfica completa Código de barras Fecha visto por última vez Precio válido a partir de Tipo de ítem Koha
        Monografías: Libros y Folletos General General En catalogación 01.07.2010 LF1   nnnn A461c 19626-10 25.06.2020 25.06.2020 Préstamo en sala

Powered by Koha